| 000 | 00780nam a2200217 a 4500 | ||
|---|---|---|---|
| 008 | 061121s2006 ||||||||||||||||| || u | ||
| 050 | _aIBRD(08)PRWP/3981 | ||
| 100 | _aDe Melo, Jaime | ||
| 245 | 1 | 0 | _aOpenness, inequality, and poverty |
| 246 | _aendownments matter | ||
| 260 |
_aWashington, D. C. _bWorld Bank _c2006 |
||
| 300 | _a51p.;ill. | ||
| 350 | _a0.00 | ||
| 490 | _aWorld Bank policy research working papers | ||
| 650 | _aINTERNATIONAL TRADE--RESEARCH | ||
| 650 | _aINCOME DISTRIBUTION--RESEARCH | ||
| 650 | 0 | _aECONOMICS | |
| 700 | _aGourdon, Julien | ||
| 700 | _aMaystre, Nicolas | ||
| 995 |
_D0.00 _FCBU-MAIN LIBRARY (Kitwe) _H1 _I0.00 _M1 _UAVAILABLE _WNov 21, 2006 _ZInternational Publications |
||
| 999 |
_c52642 _d52642 |
||